| 000 | 00739nam a22002297a 4500 | ||
|---|---|---|---|
| 003 | OSt | ||
| 005 | 20260312051152.0 | ||
| 008 | 260312b |||||||| |||| 00| 0 eng d | ||
| 020 | _a0-07-056691-7. | ||
| 040 |
_aDWCL Main lib _cOC |
||
| 082 |
_23rd ed. _aCirc. 150.72 S534 1994 |
||
| 100 | _aShaughnessy, John J. | ||
| 245 |
_aResearch methods in psychology _cJohn J. Shaughnessy |
||
| 250 | _a3rd ed. | ||
| 260 |
_aNew York : _bMcGraw-Hill Inc., _cc1994. |
||
| 300 |
_axxvii, 500 p. : _bill. ; _c24 cm. |
||
| 504 | _aIncludes bibliographical references and index. | ||
| 650 | _aPsychology, Experimental. | ||
| 650 | _aPsychology-Research-Methodology. | ||
| 700 | _aEugene B. Zechmeister | ||
| 942 |
_2ddc _cBK-CIRC _e3rd ed. _kCirc. _n0 |
||
| 999 |
_c9017 _d9017 |
||